000
00307nam a22001337a 4500
020
_q
PB.
040
_c
FIZZA ISHAQ
082
_a
0051.1
_b
DAW
100
_a
GRIFFITES, DAWN.
_9
87179
245
_a
HEAD FIRST ANDROID /
_c
DAWN GRIFFITES.
250
_a
2nd ED.
260
_b
O'REILLY
_c
2017.
942
_2
ddc
_c
BK
999
_c
587474
_d
587474